000
00321nam a2200145Ia 4500
008
230718s9999 xx 000 0 und d
041
_a
Eng.
082
_a
824
_b
CAR-T
100
_a
Carr Bob
245
0
_a
Thought lines
260
_a
Pakistan
_b
Penguin book Rubis
_c
2002
300
_a
394
650
_a
Law
999
_c
26627
_d
26627